Patología vegetal micológica
Сохранить в:
| Главные авторы: | , , |
|---|---|
| Формат: | |
| Язык: | испанский |
| Опубликовано: |
Valdivia
Universidad Austral de Chile
2006
|
| Предметы: | |
| Метки: |
Добавить метку
Нет меток, Требуется 1-ая метка записи!
|
MARC
| LEADER | 00000cam a2200000 a 4500 | ||
|---|---|---|---|
| 001 | UCF3361 | ||
| 003 | CL-VaPUC | ||
| 005 | 20241016165244.0 | ||
| 008 | 121011e20060000CL |||||||||||||||||spa|d | ||
| 999 | |c 349766 |d 349764 | ||
| 040 | |c Pontificia Universidad Católica de Valparaíso | ||
| 082 | 0 | 4 | |a 632 |b CIA |2 21 |
| 100 | 0 | |a Ciampi Panno, Luigi |e author |9 565258 | |
| 245 | 1 | 0 | |a Patología vegetal micológica |
| 260 | |a Valdivia |b Universidad Austral de Chile |c 2006 | ||
| 300 | |a 266 p | ||
| 583 | |a last modification |c 20121011 12:23:00 |k Rodrigo Vera | ||
| 650 | 0 | |a Patología vegetal |9 325426 | |
| 650 | 0 | |a Micología |9 326258 | |
| 650 | 0 | |a Taxonomía micológica |9 892394 | |
| 650 | 0 | |a Fitopatógenos |9 395962 | |
| 700 | 0 | |a Radic Schilling, Sergio |e author |9 565259 | |
| 700 | 0 | |a Alvarez Duarte, Eduardo |e author |9 565260 | |
| 942 | |c BK |2 ddc | ||
| 945 | |d 20121011 00:00:00 |a dcastane | ||
| 952 | |0 0 |1 0 |4 0 |6 632_000000000000000_CIA_2006 |7 0 |8 A |9 452536 |a BIBAGR |b BIBAGR |d 2019-11-22 |i 4893433 |l 1 |o 632 CIA 2006 |p 4893433 |r 2025-01-20 |s 2023-06-20 |w 2019-11-22 |y BK |k AGR | ||
| 952 | |0 0 |1 0 |4 0 |6 632_000000000000000_CIA_2006 |7 0 |8 A |9 452537 |a BIBAGR |b BIBAGR |d 2019-11-22 |i 4893441 |o 632 CIA 2006 |p 4893441 |r 2025-01-20 |w 2019-11-22 |y BK |k AGR | ||